000 00328 a2200157 4500
001 56777
020 _a9788508086924
040 _cAnchieta - Pituba
100 _aMcCaughrean, Geraldine
240 1 0 _aOdisséia
_lpor
245 1 0 _aOdisséia
300 _a136
362 0 _a2008
650 4 _aLiteratura juvenil
942 _cBK
999 _c56777
_d56777